| 000 | 00470nam a2200121Ia 4500 | ||
|---|---|---|---|
| 008 | 220615s9999||||xx |||||||||||||| ||und|| | ||
| 245 | 0 |
_aSocially Responsible Higher Education _bInternational Perspectives on Knowledge Democracy |
|
| 546 | _aEnglish[eng] | ||
| 650 | _aHigher & further education, tertiary education||Universities | ||
| 700 | _aHall, Budd||Tandon, Rajesh | ||
| 856 | _uhttps://library.oapen.org/bitstream/20.500.12657/53876/1/9789004459076.pdf | ||
| 942 | _cEB | ||
| 999 |
_c9237 _d9237 |
||